Statistics for Reverse Dictionary #44

Click here to take the quiz!

General Stats

  • This quiz has been taken 21 times
  • The average score is 16 of 25

Answer Stats

DefinitionFirst
Letter
Word% Correct
An alcoholic drink fermented from starch material, commonly barley malt; often with hops or some other substance (like gruit) to impart a bitter flavor.BBeer
100%
To make (someone) aware of (something impending), especially: impending danger, evil, etc.WWarn
100%
An elongated curved tropical fruit, which grows in bunches and has a creamy flesh and a smooth skin.BBanana
90%
Having a temperature slightly higher than usual, but still pleasant; mildly hot.WWarm
85%
Marriage ceremony; ritual officially celebrating the beginning of a marriage.WWedding
85%
(nautical) The floorlike covering of the horizontal sections, or compartments, of a ship.DDeck
80%
An economic role for which a person is paid.JJob
80%
A monarch and his or her family, treated as a group.RRoyalty
80%
An explosion, especially for the purpose of destroying a mass of rock, etc.BBlast
70%
To move slowly and quietly in a particular direction.CCreep
70%
An activity designed to give pleasure, enjoyment, diversion, amusement, or relaxation to an audience, no matter whether the audience participates passively or actively.EEntertainment
70%
A chief officer or administrator, especially one who can make significant decisions on their own authority.EExecutive
70%
A partial change in the form, position, state, or qualities of a thing.VVariation
70%
Foreign, especially in an exciting way.EExotic
65%
Forgiveness for an offence.PPardon
65%
The executives of an organisation, especially senior executives.MManagement
60%
Telling the truth or giving a true result; exact; not defective or faulty.AAccurate
55%
Any plant of several genera of the taxonomic family Fabaceae that produces large edible seeds or edible seedpods.BBean
55%
A land area free of woodland, cities, and towns; an area of open country.FField
55%
(of a person) Easily offended, upset, or hurt.SSensitive
55%
The quality or state of being not complex, or of consisting of few parts.SSimplicity
55%
A colony, place or region that is newly established (even in past times).SSettlement
20%
A presentation of opinion or position.SStatement
20%
(computer science) Responding to the user.IInteractive
15%
The act of imagining or supposing (something) to be true, or to exist, without proof.SSuspicion
10%

Score Distribution

Percentile by Number Answered

Percent of People with Each Score

Your Score History

You have not taken this quiz